000 00694nam a2200253Ia 4500
003 OSt
005 20221006144054.0
006 a|||||r|||| 00| 0
007 ta
008 221006b |||||||| |||| 00| 0 eng d
024 _a10,804
037 _cTextual
040 _aEASL
_cEASL
_beng
041 _2eng
_aeng
082 _aW81.41a,2N32, L3
100 _aCHAI Winberg
245 0 _aPolitical thought of Kang Yu-wei
_b A study of its origin and its influence
260 _aAnn Arbor
_bUniversity Microfilms
_c1973
300 _a227p.
_ccm.
490 _v Th
650 _aCEL
942 _hW81.41a,2N32, L3
_cTEXL
_2CC
999 _c1078890
_d1078890